湯姆歷險記

資料類型: Book 圖書   書目號:24935

Leader xxxxxxxxxx
001 __ PCLIS00024935
005 __ 20211025095220.0
010 0_ |a957-558-293-4|b平裝|dNT$120
100 __ |a20000906d1991    d  y0chiy09      e
101 1_ |achi|ceng
102 __ |atw
105 __ |aa   z   000ay
200 1_ |a湯姆歷險記|f馬克.吐溫(Mark Twain)原著|g顏雲改寫|g徐沛源繪圖
205 __ |a初版
210 __ |a臺北市|c大千文化|d民80[1991]
215 0_ |a284面|c|d22公分
225 1_ |a世界文學全集|i注音版|v5
300 __ |a國語注音
681 __ |a859.6|b8355 88
700 _0 |a馬克|b吐溫|c(Twain, Mark, 1835-1910)
701 _1 |a|b|4改寫
702 _1 |a|b沛源|4770 _1 |aTwain, Mark|f1835-1910
801 _0 |atw|b內湖高中|c20010622|gCCR
801 _2 |atw|b內湖高中|c20211025|gCCR
詳細館藏(共 1 筆)
索 書 號登 錄 號冊次號館別 / 館藏地流通類型狀態加入預約清單電子資源
859.6 / 8355 2009448  圖書館 / 一樓普通區 可外借30天 在館   

| 條列資料




目錄查詢 分類查詢 個人資料 圖書薦購 新書查詢 閉館日 排行榜 更多電子資源 Hami書城 線上資料庫 登出

From : 216.73.216.116

  本日流通累計至 23:25:44 借閱 : 9 次 續借 : 0 次 歸還 : 10 次 預約 : 0 次 電子資源 : 0 次


內湖高中圖書館  PCLIS 版本  25.5.0.2